Регионална библиотека "Любен Каравелов" - Русе

Спартак (Запис номер 175350)

MARC детайли
000 -Лидер
Контролно поле с фиксирана дължина 01626nam a2200337 c 4500
003 - Код на организацията, давaща контролен номер
Контролно поле BLK
005 - Дата и час на последна редакция
Контролно поле 20240625124847.0
008 - Елементи от данни с фиксирана дължина
fixed length control field 180411b bul|||||r ||||||| ||bul||
010 ## - Наследен системен номер
LC control number KNG00183895000
040 ## - Източник на каталожния запис
Идентификатор на билиотеката - собственик на записа BLK
041 ## - Код за език
Код за езика на текст/звукозапис или на отделно заглавие Български
Код за езика КДБФ Български
080 ## - УДК
Текстов определител УДК Българска литература
УДК код - определител по УДК 821.163.2
УДК определител -93-311.6
УДК - код + определител 821.163.2-93-311.6
100 1# - Редна дума - Автор
Автор Харманджиев, Тодор
Автор - информация (биография) Харманджиев, Тодор Александров, Илиев, Тодор Александров, Василев, Тодор Александров
Титли или други наименования, свързани с автора поет, преводач
Дати, свързани с автора 1905-1993
Пълна форма на името Илиев, Тодор Александров
R(LIN) 249306
139 ## - Редно поле
Редна дума Харманджиев, Тодор
Авторски знак Харл - Х 28
245 10 - Сведения за заглавието
Заглавие Спартак
Подзаглавни данни Тракиецът от племето меди : Ист. роман за юноши
Редно поле (дума) Тодор Харманджиев; * Тодор Александров Илиев.
250 ## - Област на изданието
Сведения за изданието 2. изд.
257 ## - Страна на издаване
Страна на създаване/издаване България
260 ## - Област на издателските данни
-- София
Име на издателя, разпространителя и проч. ОФ
Година на издаване 1984
300 ## - Физическа характеристика
Страници 259 с.
Размери/Мащаб 21 см
380 ## - Жанр
Жанр Детска худож. лит.
490 1# - СЕРИИ (Колекции)
Име на серия Български исторически романи
500 ## - Общи забележки
Забележка Името на авт. Тодор Александров Илиев. - 1. изд. 1980 със загл. Тракиецът от племето меди. - 40 000 тир.
650 #4 - Допълнително описание по предмет – тема
Основно описание – тема или топоним Спартак
9 (RLIN) 297542
700 1# - Други автори (авторска отговорност)
Лично име Илиев, Тодор Александров
Автороска отговорност (Описва отношението между автора и произведението) *
9 (RLIN) 276112
852 ## - Местоположение
Форматна сигнатура Цб 126351
856 4# - Електронен адрес и достъп
Електронен формат pdf - файл
Път до файла /url/
856 4# - Електронен адрес и достъп
Електронен формат pdf - файл
Път до файла /url/
942 ## - АРТИКУЛИ
Вид на библиотечния материал Книги
Скрит в OPAC Не
Koha issues (borrowed), all copies 2
944 ## - СЪЗДАВАНЕ И РЕДАКЦИЯ на ЗАПИСА
Създаване/Редакция Създаване
Дата на регистрацията/редакция 20.10.2015
Служител, извършил регистрацията/редакцията 30564
Статус, дата на статуса Галина Якимова
944 ## - СЪЗДАВАНЕ И РЕДАКЦИЯ на ЗАПИСА
Създаване/Редакция Редакция
Дата на регистрацията/редакция 12.09.2017
Служител, извършил регистрацията/редакцията Вася_Ганчева
999 ## - СИСТЕМНИ КОНТРОЛНИ НОМЕРА
Koha biblionumber 175350
Koha biblioitemnumber 175350
Наличности
Код за отписване Код за изгубен артикул Източник на класификационната схема Код за повреда Коз за рестрикции Код за отдаване Артикулен № Име на библиотеката - собственик Име на библиотеката, в която се намира в момента Статус (Текущо местоположение) Дата на вписване в системата Местоположение - отдел Цена в лева Инвентарен номер Систематично азбучна сигнатура Баркод Номер на екземпляра Цена в евро Служебна бележка Служебен тип на артикула Бележка за публиката
  Не е изгубен Universal Decimal Classification Не е повреден без рестрикции ползва се в читалня 301715 Регионална библиотека "Любен Каравелов" Русе Регионална библиотека "Любен Каравелов" Русе Хранилище 1984-01-01 Хранилище 2.10 404395 Цб 126351 120000404395 1 1.07 Вид: Сф Дата: 01.01.1984 Книги  
  Не е изгубен Universal Decimal Classification Не е повреден без рестрикции заемане за дома 301716 Регионална библиотека "Любен Каравелов" Русе Регионална библиотека "Любен Каравелов" Русе Заемна - подръчен фонд 1984-01-01 Заемна - подръчен фонд 2.10 404626 П 886.7-31/Х 28 120000404626 2 1.07 Вид: Сф Дата: 01.01.1984 Дата инв: 12.02.2018 Бележки инв: П2018 Книги  
Изтеглен Не е изгубен   Не е повреден без рестрикции заемане за дома 301717 Регионална библиотека "Любен Каравелов" Русе Регионална библиотека "Любен Каравелов" Русе   1984-01-01 Заемна - подръчен фонд 2.10 404627 П 886.7-31/Х 28 404627 3 1.07 Вид: Сф Дата: 01.01.1984 Книги Отч.N: 5 , Дата: 19.01.2018
Изтеглен Не е изгубен   Не е повреден без рестрикции заемане за дома 301718 Регионална библиотека "Любен Каравелов" Русе Регионална библиотека "Любен Каравелов" Русе   1984-01-01 Детски отдел 2.10 404760 ДХ 886.7/Х 28 404760 4 1.07 Вид: Сф Дата: 01.01.1984 Дата инв: 29.10.2015 Бележки инв: Д2015 Книги Отч.N: 27/2017 , Дата: 16.08.2017
Vip Innovations Ltd, Rousse, Bulgaria 2025